000 01021nam0a2200301 i 4500
001 RU\NLR\bibl\1884351
005 20260426030803.0
010 _a9785271397196
_92000
021 _aRU
_b2012-18340
_91381
035 _a(NLR Aleph) 001874092
090 _a2701109
_c2701109
100 _a20120329d2012 u y0rusy50 ca
101 1 _arus
_ceng
102 _aRU
105 _ay |||||||||
200 1 _aЦарство Страха
_fХантер С. Томпсон
_g[пер. с англ. Д.В. Вебера]
210 _aМосква
_cАстрель
_d2012
215 _a380, [3] c.
_d21
225 1 _aСерия "Альтернатива"
320 _aДр. кн. авт. на 4-й с. обл.
686 _aШ6(7США)67-445{Лх1979-62}
700 1 _4070
_7ca
_8rus
_aТомпсон
_bХ. С.
_f1937-2005
_gХантер Стоктон
_3RU\NLR\AUTH\770253643
_9253587
801 0 _aRU
_bNLR
_c20120329
_gRCR
801 1 _aRU
_bNLR
_c20120329
942 _cBOOK
980 _aNBR